Normal view
MARC view
Entry Topical Term
001 - CONTROL NUMBER
- control field: 48576
003 - CONTROL NUMBER IDENTIFIER
- control field: OSt
005 - DATE AND TIME OF LATEST TRANSACTION
- control field: 20241105151345.0
008 - FIXED-LENGTH DATA ELEMENTS
- fixed length control field: 241105|| aca||aabn | a|a d
040 ## - CATALOGING SOURCE
- Original cataloging agency: OSt
- Transcribing agency: OSt
150 ## - HEADING--TOPICAL TERM
- Topical term or geographic name entry element: Race, class, Urban politics, Black politics, Public housing.
670 ## - SOURCE DATA FOUND
- Source citation: Work cat.: (OSt): Moffett-Bateau, Alex J. 48575, “I can’t vote if i don’t leave my apartment”: The problem of neighborhood violence and its impact on the political behavior of black American women living below the poverty line
